Регионална библиотека "Любен Каравелов" - Русе

Огледало (Запис номер 67435)

MARC детайли
000 -Лидер
Контролно поле с фиксирана дължина 00974nam a2200277 c 4500
003 - Код на организацията, давaща контролен номер
Контролно поле BLK
005 - Дата и час на последна редакция
Контролно поле 20180422102916.0
008 - Елементи от данни с фиксирана дължина
fixed length control field 180408b bul|||||r ||||||| ||bul||
010 ## - Наследен системен номер
LC control number KNG00071746000
020 ## - Международен стандартен номер на книга ISBN
Международен стандартен номер на книга ISBN 954-773-081-9
-- издат.: Полиграф - Неделчо Енев
040 ## - Източник на каталожния запис
Идентификатор на билиотеката - собственик на записа BLK
041 ## - Код за език
Код за езика на текст/звукозапис или на отделно заглавие Български
Код за езика КДБФ Български
080 ## - УДК
Текстов определител УДК Българска литература
УДК код - определител по УДК 821.163.2
УДК определител -17
УДК - код + определител 821.163.2-17
100 1# - Редна дума - Автор
Автор Иванов, Теодор
Авторска отговорност първи автор
R(LIN) 368951
139 ## - Редно поле
Редна дума Иванов, Теодор
Авторски знак Иванов - И 21
245 10 - Сведения за заглавието
Заглавие Огледало
Подзаглавни данни Материали разни за случаи разнообразни
Редно поле (дума) Теодор Иванов.
257 ## - Страна на издаване
Страна на създаване/издаване България
260 ## - Област на издателските данни
-- Разград
Име на издателя, разпространителя и проч. Полиграф - Неделчо Енев
Година на издаване 2006
300 ## - Физическа характеристика
Страници 28 с.
Размери/Мащаб 19 см
380 ## - Жанр
Жанр Худож. лит.
852 ## - Местоположение
Форматна сигнатура Цб 231544
856 4# - Електронен адрес и достъп
Електронен формат pdf - файл
Път до файла /url/
856 4# - Електронен адрес и достъп
Електронен формат pdf - файл
Път до файла /url/
942 ## - АРТИКУЛИ
Вид на библиотечния материал Книги
Скрит в OPAC Не
944 ## - СЪЗДАВАНЕ И РЕДАКЦИЯ на ЗАПИСА
Създаване/Редакция Създаване
Дата на регистрацията/редакция 16.02.2007
Служител, извършил регистрацията/редакцията Геновева_Генчева
944 ## - СЪЗДАВАНЕ И РЕДАКЦИЯ на ЗАПИСА
Създаване/Редакция Редакция
Дата на регистрацията/редакция 21.02.2007
Служител, извършил регистрацията/редакцията
999 ## - СИСТЕМНИ КОНТРОЛНИ НОМЕРА
Koha biblionumber 67435
Koha biblioitemnumber 67435
Наличности
Код за отписване Код за изгубен артикул Код за повреда Коз за рестрикции Код за отдаване Артикулен № Име на библиотеката - собственик Име на библиотеката, в която се намира в момента Статус (Текущо местоположение) Дата на вписване в системата Местоположение - отдел Цена в лева Инвентарен номер Систематично азбучна сигнатура Баркод Номер на екземпляра Цена в евро Служебна бележка Служебен тип на артикула
  Не е изгубен Не е повреден без рестрикции ползва се в читалня 111446 Регионална библиотека "Любен Каравелов" Русе Регионална библиотека "Любен Каравелов" Русе Хранилище 2007-02-20 Хранилище 0.00 120000709930 Цб 231544 120000709930 1 0.00 Дост: Dp Вид: Д N: 16 Дата: 29.03.2006 Книги
Vip Innovations Ltd, Rousse, Bulgaria 2025